Documentos

Uloženo v:
Podrobná bibliografie
Hlavní autoři: Matta Vial, Enrique (autor), Santiago Concha, José de (Autor), Vidaurre, Manuel de (Autor), Olavarrieta, Agustín de (Autor), Ruiz Sobrino, José (Autor), Aeta, Juan Bautista de (Autor), Pereira, Antonio Luis (Autor), Meneses, Juan Francisco (Autor), Ordóñez, Josefa Puyol viuda de (Autor), Quintanilla, Antonio de (Autor), Eleícegui, Pedro José (Autor)
Další autoři: Martínez, Melchor, Fray (autor)
Médium: Kniha
Jazyk:španělština
Vydáno: Santiago Imprenta Cervantes, Bandera, 50 1904
Vydání:1a. ed
Edice:Colección de Historiadores i de Documentos relativos a la Independencia de Chile, X
Témata:
Tagy: Přidat tag
Žádné tagy, Buďte první, kdo vytvoří štítek k tomuto záznamu!

MARC

LEADER 00000nam a2200000 a 4500
001 UCJ7884
003 CL-VaPUC
008 070124e19040000CL |||||||||||||||||spa|d
082 0 4 |a 983  |b MAT  |2 21 
100 |a Matta Vial, Enrique  |e autor  |9 516430 
700 0 |a Santiago Concha, José de  |e author  |9 516343 
700 0 |a Vidaurre, Manuel de  |e author  |9 516344 
700 0 |a Olavarrieta, Agustín de  |e author  |9 516322 
700 0 |a Ruiz Sobrino, José  |e author  |9 516345 
700 0 |a Aeta, Juan Bautista de  |e author  |9 516346 
700 0 |a Pereira, Antonio Luis  |e author  |9 516347 
700 0 |a Meneses, Juan Francisco  |e author  |9 509166 
700 0 |a Ordóñez, Josefa Puyol viuda de  |e author  |9 516348 
700 0 |a Quintanilla, Antonio de  |e author  |9 505310 
700 |a Martínez, Melchor,  |c Fray  |e autor  |9 444784 
700 0 |a Eleícegui, Pedro José  |e author  |9 516350 
245 1 0 |a Documentos 
246 1 0 |a Papeles varios de origen realista 
250 |a 1a. ed 
300 |a vii, 382 p 
942 |c BK 
945 |d 20070124 00:00:00  |a rinostro 
260 |a Santiago  |b Imprenta Cervantes, Bandera, 50  |c 1904 
650 0 |a Historia de Chile  |9 265473 
650 0 |a Independencia   |9 344246 
650 0 |a Fuentes Históricas  |9 265141 
583 |a last modification  |c 20070124 00:00:00  |k Rodrigo Vera 
490 0 |a Colección de Historiadores i de Documentos relativos a la Independencia de Chile, X 
999 |c 323749  |d 323747 
952 |0 0  |1 0  |4 0  |6 983_000000000000000_MAT_1904  |7 0  |8 X  |9 403532  |a FDOBUD  |b FDOBUD  |d 2019-11-22  |i 1018825  |o 983 MAT 1904  |p 1018825  |r 2019-11-22  |w 2019-11-22  |y BK_X  |k BUD